La política económica en el clearing internacional / (Registro nro. 12242)

Detalles MARC
000 -LEADER
fixed length control field 01028nam a2200265Ia 4500
003 - CONTROL NUMBER IDENTIFIER
control field OSt
005 - DATE AND TIME OF LATEST TRANSACTION
control field 20210823113602.0
008 - FIXED-LENGTH DATA ELEMENTS--GENERAL INFORMATION
fixed length control field 210310s1940 sp gr 000 0 spa d
040 ## - CATALOGING SOURCE
Original cataloging agency CO-JMCR
Transcribing agency CO-JMCR
041 1# - LANGUAGE CODE
Language code of text/sound track or separate title spa
Language code of original eng
082 04 - DEWEY DECIMAL CLASSIFICATION NUMBER
Classification number 332.77 /
Item number N993p
Edition number 23
100 1# - MAIN ENTRY--PERSONAL NAME
Personal name Nyboe Andersen, P.
Relator term autor
9 (RLIN) 27676
245 13 - TITLE STATEMENT
Title La política económica en el clearing internacional /
Statement of responsibility, etc. P. Nyboe Andersen ; traducción del inglés por José Díaz García ; revisión é introducción por Manuel de Torres.
260 ## - PUBLICATION, DISTRIBUTION, ETC.
Place of publication, distribution, etc. Madrid, España :
Name of publisher, distributor, etc. Aguilar,
Date of publication, distribution, etc. 1942.
300 ## - PHYSICAL DESCRIPTION
Extent xxvii, 309 páginas ;
Dimensions 22 cm.
490 0# - SERIES STATEMENT
Series statement Biblioteca de ciencias económicas, políticas y sociales.
504 ## - BIBLIOGRAPHY, ETC. NOTE
Bibliography, etc. note Bibliografía : páginas 305-309.
505 0# - FORMATTED CONTENTS NOTE
Formatted contents note Parte descriptiva. -- Parte teórica.
650 14 - SUBJECT ADDED ENTRY--TOPICAL TERM
Topical term or geographic name entry element Divisas
9 (RLIN) 27678
650 24 - SUBJECT ADDED ENTRY--TOPICAL TERM
Topical term or geographic name entry element Cámaras de compensación
9 (RLIN) 39533
650 24 - SUBJECT ADDED ENTRY--TOPICAL TERM
Topical term or geographic name entry element Política de Clearing
9 (RLIN) 39534
700 1# - ADDED ENTRY--PERSONAL NAME
Personal name Díaz García, José,
Relator term traductor
9 (RLIN) 4653
700 1# - ADDED ENTRY--PERSONAL NAME
Personal name Torres, Manuel de,
Relator term traductor
9 (RLIN) 3623
942 ## - ADDED ENTRY ELEMENTS (KOHA)
Source of classification or shelving scheme Dewey Decimal Classification
Koha item type Books
Existencias
Withdrawn status Lost status Source of classification or shelving scheme Damaged status Not for loan Home library Current library Shelving location Date acquired Source of acquisition Full call number Barcode Date last seen Copy number Price effective from Koha item type
    Dewey Decimal Classification     Biblioteca Pública José María del Castillo y Rada Biblioteca Pública José María del Castillo y Rada General Stacks 04/15/2018 Don 332.77 / N993p 430002535 05/16/2024 Ej.1 03/10/2021 Books